| 000 | nam a22 a 4500 | ||
|---|---|---|---|
| 999 |
_c397743 _d397743 |
||
| 003 | BLK | ||
| 005 | 20210209133753.0 | ||
| 008 | 180409b bul|||||r ||||||| ||bul|| | ||
| 040 | _aBLK | ||
| 041 |
_aRUS _cRUS |
||
| 080 |
_aЕлектротехника _b621.3 _z621.3(035) _x(035) |
||
| 139 | _aЭлектротехнический справочник | ||
| 245 | 1 | 0 |
_aЭлектротехнический справочник _bВ трех томах _cпод общ. ред. на В. Г. Герасимов и др. _nТ. 1 _pОбщие вопросы. Электротехнические материалы |
| 250 | _a6-e испр. и доп. изд. | ||
| 257 | _aSUN | ||
| 260 |
_bЭнергия _c1980 _9212187 _aМосква _n5-283- |
||
| 300 | _c26 см | ||
| 380 | _a62 | ||
| 500 | _aДр. ред. П. Г. Грудинского, Л. А. Жукова, В.А.Лабунцова, И.Н.Орлова, М. М. Соколова, А. М. Федосеева, А. Я. Шихина, И.В. Антика | ||
| 650 | 0 |
_aЕлектротехника - ръководства _9289273 |
|
| 700 |
_aГерасимов, В. Г. _eпод общ. ред. на _9864 |
||
| 760 |
_bЭлектротехнический справочник. В трех томах _h520 с. : с табл., диагр., сх., черт. _oТ. 1 _dМосква, 1980 _nБиблиогр. с. 511, Предметен указ. - 80 000 тир. _tОбщие вопросы. Электротехнические материалы |
||
| 852 |
_aЦб ІІ 5938 _bЦб |
||
| 942 |
_cKNG _n0 _s1 |
||
| 944 |
_aCR _c2021-02-09 _kСТ |
||